[Event "It IM"]
[Site "Kastav CRO"]
[Date "2001.09.26"]
[Round "1"]
[White "Golubovic,B"]
[Black "Nurkic,S"]
[Result "1/2-1/2"]
[WhiteElo "2465"]
[BlackElo "2415"]

1.e4 g6 2.d4 Bg7 3.Nc3 c6 4.Nf3 Nf6 5.h3 O-O 6.Be3 Qa5 7.Qd2 d6 8.Be2 Nbd7
9.O-O e5 10.dxe5 dxe5 11.Bh6 Re8 12.Bxg7 Kxg7 13.Qe3 Qc5  1/2-1/2

[Event "ECC"]
[Site "Panormo GRE"]
[Date "2001.09.29"]
[Round "7"]
[White "Palkovi,J"]
[Black "Slovineanu,V"]
[Result "1-0"]
[WhiteElo "2446"]
[BlackElo "2406"]

1.e4 g6 2.d4 Bg7 3.Nc3 c6 4.h3 d6 5.g3 Nf6 6.a4 O-O 7.Bg2 e5 8.Nge2 Na6 9.O-O Nb4
10.Be3 a5 11.f4 Re8 12.Qd2 exd4 13.Bxd4 d5 14.e5 Nd7 15.Rad1 f6 16.exf6 Nxf6
17.g4 b6 18.Ng3 Ba6 19.Rf2 Qc7 20.g5 Nh5 21.Nxh5 gxh5 22.Bxg7 Qxg7 23.h4 Ra7
24.f5 Qe5 25.Qd4 Qxd4 26.Rxd4 Re3 27.Bf3 Nxc2 28.Bxd5+ cxd5 29.Rxc2 Bc4 30.Rcd2 Rf7
31.Nxd5 Bxd5 32.Rxd5 Re4 33.Rd8+ Rf8 34.Rxf8+ Kxf8 35.Rd8+ Kf7 36.Rd7+ Kg8
37.Rd8+ Kf7 38.Rd7+ Kg8 39.f6 Rxh4 40.Rd8+ Kf7 41.Rd7+ Kf8 42.Kf2 Rg4 43.Rd5 Kf7
44.Rd7+ Kf8 45.Rd5 Rxa4 46.Rd8+ Kf7 47.Rh8 Rf4+ 48.Ke3 Rf5 49.Rxh7+ Ke6 50.Re7+ Kd6
51.Rg7 Ke6 52.Ke4 Rf2 53.Re7+ Kd6 54.Rb7 Ke6 55.Rxb6+ Kf7 56.Rb7+ Kf8 57.Ke5  1-0

[Event "ECC"]
[Site "Panormo GRE"]
[Date "2001.09.29"]
[Round "7"]
[White "Groszpeter,A"]
[Black "Komliakov,V"]
[Result "1/2-1/2"]
[WhiteElo "2495"]
[BlackElo "2484"]

1.e4 g6 2.d4 Bg7 3.Nc3 c6 4.Nf3 d5 5.Bf4 Bg4 6.h3 Bxf3 7.Qxf3 dxe4 8.Nxe4 Nf6
9.Nxf6+ Bxf6 10.c3 Qd5 11.Qg3 Nd7 12.Be2 Qe4 13.Rd1 e5 14.Be3 exd4 15.Bxd4 Bxd4
16.Rxd4 Qe7 17.Rd3 O-O-O 18.Re3 Qf8 19.O-O f5 20.Qf4 Qf6 21.Re1 Rhe8 22.Bc4 g5
23.Qf3 Re5 24.Qh5 f4 25.R3e2 Rf8 26.Bb3 h6 27.Kf1 Kc7 28.Bc2 Rg8 29.Bb3 Rg7
30.Bc2 Rge7 31.Be4 Qd6 32.Bc2 Qf6 33.Qg4 Rxe2 34.Rxe2 Rxe2 35.Qxe2 Ne5 36.Qe4 a6
37.Qh7+ Kb6 38.Qe4 Qd6 39.Ke2 a5 40.h4 Qd5 41.Qd4+ Kc7 42.hxg5 hxg5 43.Bb3 f3+
44.gxf3 Qxf3+ 45.Kd2 Qf4+ 46.Ke2 Qf5 47.Qe3 b6 48.Qd4 Qf3+ 49.Kd2 Qf4+ 50.Ke2 Qf5
51.Qe3 Kb7 52.Qd4 Kc7 53.Qe3 c5 54.Bd5 Qc2+ 55.Qd2 Qxd2+ 56.Kxd2 Kd6 57.Bg8 Ng4
58.Ke2 Ke5 59.Kf3 Nh6 60.Bh7 Nf7  1/2-1/2

[Event "Tatry Open"]
[Site "High Tatras SVK"]
[Date "2001.09.31"]
[Round "3"]
[White "Manik,M"]
[Black "Tikovsky,A"]
[Result "1-0"]
[WhiteElo "2414"]
[BlackElo "2184"]

1.e4 g6 2.d4 Bg7 3.Nc3 c6 4.f4 d5 5.e5 h5 6.h3 Nh6 7.Be3 Na6 8.Qd2 Bf5 9.Nf3 e6
10.Nd1 Bf8 11.c3 Be7 12.Be2 h4 13.O-O Nc7 14.Ng5 f6 15.exf6 Bxf6 16.Nf2 Qe7
17.Ng4 Bxg4 18.hxg4 O-O-O 19.Nh3 Nf7 20.g5 Bg7 21.Bd3 Nd6 22.Bxg6 Nf5 23.Qd3 Qd7
24.Bf2 Ne8 25.Rae1 Ned6 26.Re2 Rdg8 27.Rfe1 Ne4 28.Rxe4 dxe4 29.Qxe4 Nd6
30.Qxe6 Bf8 31.Bd3 Qxe6 32.Rxe6 Kd7 33.f5 Be7 34.g6 Rh5 35.Nf4 Rh6 36.f6 Bf8
37.c4 h3 38.c5 Nb5 39.Bf5 h2+ 40.Kh1 Nc7  1-0

[Event "It IM"]
[Site "Kastav CRO"]
[Date "2001.10.01"]
[Round "7"]
[White "Dumpor,A"]
[Black "Nurkic,S"]
[Result "0-1"]
[WhiteElo "2329"]
[BlackElo "2415"]

1.e4 g6 2.d4 Bg7 3.Nc3 c6 4.Nf3 Nf6 5.Bd3 d6 6.O-O O-O 7.h3 Qc7 8.Bg5 e5
9.Qd2 Nbd7 10.Bh6 Re8 11.Rfe1 Nf8 12.d5 cxd5 13.exd5 Bd7 14.Bxg7 Kxg7 15.Bf1 Rac8
16.a4 a6 17.Ng5 Qb6 18.Ra3 Qd4 19.Qc1 Qc5 20.Nge4 Nxe4 21.Nxe4 Qc7 22.Rc3 Qb8
23.Qg5 Rxc3 24.Qf6+ Kg8 25.bxc3 Qd8 26.Qxd6 Kg7 27.c4 Bxa4 28.Qxd8 Rxd8 29.Nc5 Bxc2
30.Nxb7 Rb8 31.Nc5 a5 32.Ra1 a4 33.Bd3 Bxd3 34.Nxd3 Nd7 35.Rxa4 Rb1+ 36.Kh2 e4
37.Rb4 Rf1 38.Nf4 Rxf2 39.Kg3 Rc2 40.Rb7 Ne5 41.d6 Rd2 42.c5 g5 43.Ne6+ Kf6
44.Nf8 Rd5 45.Nxh7+ Kf5 46.Rc7 Rd3+ 47.Kf2 Rd2+ 48.Kg1 e3 49.Re7 Rd1+ 50.Kh2 e2
51.Rxe5+ Kxe5 52.Nxg5 e1=Q 53.Nf3+ Ke6  0-1

[Event "ch-SLO"]
[Site "Grize SLO"]
[Date "2001.10.02"]
[Round "2"]
[White "Vombek,D"]
[Black "Srebrnic,V"]
[Result "1-0"]
[WhiteElo "2309"]
[BlackElo "2201"]

1.e4 g6 2.d4 c6 3.Nc3 Bg7 4.Nf3 d5 5.h3 dxe4 6.Nxe4 Nd7 7.Bd3 Ngf6 8.Ned2 O-O
9.O-O c5 10.Re1 cxd4 11.Nxd4 Nc5 12.N2f3 Nxd3 13.Qxd3 e6 14.Bg5 b6 15.Rad1 Bb7
16.Qb3 Qc8 17.c4 Ne4 18.Be7 Re8 19.Ba3 Nc5 20.Qe3 a6 21.b4 Ne4 22.Rc1 e5
23.Nb3 Qe6 24.c5 bxc5 25.bxc5 f5 26.Nh2 Rac8 27.Rc2 Bf6 28.f3 Ng5 29.Qe2 e4
30.f4 Nf7 31.Nf1 Red8 32.Bc1 Bd5 33.Na5 Rd7 34.Be3 Bd8 35.Nc4 Bxc4 36.Rxc4 Bf6
37.Rec1 Nd8 38.Ra4 Rc6 39.Nd2 Rd3 40.Nb3 Qd5 41.Rcc4 Ne6 42.Qf2 Bc3 43.Kh2 a5
44.Nc1 Rxe3 45.Qxe3 Bd2 46.Qf2 Bxf4+ 47.g3 Be5 48.Nb3 f4 49.Qd2 fxg3+ 50.Kg1 Qxd2
51.Nxd2 Ng5 52.Nxe4 Nxe4 53.Rxe4 Rxc5 54.Rac4 Rd5 55.Re2 Kg7 56.Kg2 Kf6 57.a4 h5
58.Rc6+ Kf5 59.Rb6 h4 60.Rb5 Rxb5 61.axb5 Bd4 62.Rd2 Be3 63.Rd3 Bf2 64.Rd6 Ke5
65.Rxg6 a4 66.b6 a3 67.b7 Ba7 68.Ra6 Bb8 69.Rxa3 Kd6 70.Rc3  1-0

[Event "Chigorin Mem Open"]
[Site "St Petersburg RUS"]
[Date "2001.10.03"]
[Round "9"]
[White "Moiseenko,A"]
[Black "Eliseev,A"]
[Result "1/2-1/2"]
[WhiteElo "2569"]
[BlackElo "2482"]

1.d4 g6 2.e4 Bg7 3.Nc3 c6 4.h4 d5 5.Be3 Nh6 6.Qd2 Ng4 7.h5 Nxe3 8.fxe3 e5
9.O-O-O dxe4 10.Nxe4 O-O 11.hxg6 hxg6 12.Nf3 Bf5 13.Bd3 Nd7 14.g4 Bxe4 15.Bxe4 Re8
16.Qh2 exd4 17.Bxg6 Qf6 18.Bh7+ Kf8 19.Nxd4 c5 20.Rhf1 Qe5 21.Qxe5 Nxe5 22.Nf5 Nc4
23.c3 Nxe3 24.Nxe3 Rxe3 25.Rf5 Rc8 26.Bg6 Re7 27.Rdf1 Rcc7 28.g5 b6 29.Bh5 Kg8
30.Bf3 Be5 31.Bd5 Kg7 32.Bc4 Rcd7 33.Kc2 Bg3 34.Kb3 Bh4 35.R1f4 Bg3 36.Rg4 Be1
37.Rf1 Bd2 38.Kc2 Be3 39.Bd3 Re5 40.g6 Rg5 41.Re4 Rg2+ 42.Kb3 Bg5 43.gxf7 Rxf7
44.Rxf7+ Kxf7 45.Be2 Kf6 46.Kc4 Bc1 47.b4 cxb4 48.cxb4 a5 49.bxa5 bxa5  1/2-1/2

[Event "It IM"]
[Site "Kastav CRO"]
[Date "2001.10.04"]
[Round "10"]
[White "Biti,O"]
[Black "Nurkic,S"]
[Result "0-1"]
[WhiteElo "2327"]
[BlackElo "2415"]

1.e4 g6 2.d4 Bg7 3.Nc3 c6 4.Bc4 d5 5.exd5 b5 6.Bb3 b4 7.Nce2 cxd5 8.Bd2 a5
9.a3 bxa3 10.Rxa3 Nf6 11.Qa1 Nc6 12.Ba4 Bd7 13.Bxc6 Bxc6 14.Bxa5 Qc8 15.Nf3 O-O
16.O-O Bb5 17.Qd1 Qb7 18.c3 Ne4 19.Bb4 Rxa3 20.Bxa3 Ra8 21.Re1 e6 22.Qc1 Qa6
23.Ng3 Nd6 24.Qf4 Nc4 25.Be7 Nxb2 26.Ne5 Bxe5 27.dxe5 Nd3 28.Qh6 Qa7  0-1

[Event "Tatry Open"]
[Site "High Tatras SVK"]
[Date "2001.10.06"]
[Round "9"]
[White "Langner,L"]
[Black "Tikovsky,A"]
[Result "1-0"]
[WhiteElo "2387"]
[BlackElo "2184"]

1.e4 g6 2.d4 Bg7 3.Nc3 c6 4.Be3 d5 5.f3 dxe4 6.fxe4 Qb6 7.Qd2 Qxb2 8.Rb1 Qa3
9.Nf3 Nf6 10.Bc4 b5 11.Bxb5 cxb5 12.Nxb5 Qxa2 13.Nc7+ Kd8 14.O-O Kxc7 15.Bf4+ Kd8
16.Bxb8 Nd7 17.Bg3 f6 18.Qc3 Qe6 19.d5 Qa6 20.Nd4 Ne5 21.Bxe5 fxe5 22.Nc6+ Kd7
23.Rf7 Bf6 24.Qf3 Bg5 25.Qg4+ Ke8 26.Qxg5 Kxf7 27.Qxe7+ Kg8 28.Nd8  1-0

[Event "ch-SLO"]
[Site "Grize SLO"]
[Date "2001.10.07"]
[Round "7"]
[White "Podlesnik,B"]
[Black "Basagic,Z"]
[Result "1-0"]
[WhiteElo "2393"]
[BlackElo "2377"]

1.e4 g6 2.d4 Bg7 3.Nc3 c6 4.Nf3 d6 5.Be2 Nd7 6.O-O e5 7.dxe5 dxe5 8.Qd2 Ngf6
9.Rd1 Qa5 10.a4 Bf8 11.Bc4 h6 12.Qe2 Qc7 13.Ba2 Rh7 14.Nd2 Nc5 15.Nc4 Ne6
16.Be3 Nd4 17.Qd2 Bg4 18.Re1 O-O-O 19.Qc1 Bb4 20.Kf1 Rhh8 21.h3 Be6 22.Rd1 g5
23.Nb1 Bc5 24.c3 Nxe4 25.b4 Be7 26.cxd4 exd4 27.Rxd4 Bf6 28.Rxe4 Bxa1 29.Nbd2 Qh2
30.Ke2 Bf6 31.Nf3 Qxg2 32.Bxa7 Bf5 33.Re3 g4 34.Ne1 Qh1 35.Bb1 Be6 36.Be4 Qh2
37.b5 gxh3 38.Nf3 Bg4 39.Bf5+  1-0

[Event "ULIM Cup"]
[Site "Kishnev MDA"]
[Date "2001.10.07"]
[Round "1"]
[White "Baltag,I"]
[Black "Slovineanu,V"]
[Result "1/2-1/2"]
[WhiteElo "2231"]
[BlackElo "2406"]

1.e4 g6 2.d4 Bg7 3.Nc3 c6 4.Nf3 d6 5.Bf4 Nf6 6.Qd2 b5 7.a3 O-O 8.h3 a6 9.Be2 Nfd7
10.e5 dxe5 11.dxe5 Nc5 12.Qe3 Ne6 13.Bh6 f5 14.exf6 exf6 15.Bxg7 Kxg7 16.O-O Re8
17.Rfd1 Qe7 18.Nd4 Nxd4 19.Qxe7+ Rxe7 20.Rxd4  1/2-1/2

[Event "TCh-BUL w"]
[Site "Pamporovo BUL"]
[Date "2001.10.07"]
[Round "6"]
[White "Georgieva,L"]
[Black "Jovkova Draganova,P"]
[Result "1/2-1/2"]
[WhiteElo "2233"]
[BlackElo "2082"]

1.e4 g6 2.d4 Bg7 3.Nc3 c6 4.Be3 d5 5.e5 h5 6.g3 Nh6 7.Bxh6 Bxh6 8.Bg2 Bf5
9.f4 e6 10.Nf3 Bg4 11.Ne2 Nd7 12.h3 Bxf3 13.Bxf3 Bf8 14.c3 c5 15.Qa4 Qb6
16.O-O-O O-O-O 17.Kb1 Kb8 18.g4 cxd4 19.cxd4 h4 20.Rc1 Be7 21.a3 Qa6 22.Qxa6 bxa6
23.f5 Bg5 24.Rc6 Kb7 25.Rc3 Rc8 26.Rf1 Nb6 27.b3 Rxc3 28.Nxc3 Be3 29.Rd1 Kc7
30.Be2 Kb7 31.a4 Rc8 32.Kb2 Rg8 33.Rd3 Bh6 34.fxe6 fxe6 35.Rf3 Rf8 36.Rxf8 Bxf8
37.Bd3 g5 38.Bg6 Kc7 39.Na2 Nc8 40.Bd3 Kb6 41.Bg6 Kc7  1/2-1/2

[Event "ULIM Cup"]
[Site "Kishnev MDA"]
[Date "2001.10.08"]
[Round "2"]
[White "Vicol,D"]
[Black "Yarmysty,M"]
[Result "0-1"]
[WhiteElo "2015"]
[BlackElo "2117"]

1.e4 g6 2.d4 Bg7 3.Nc3 c6 4.g3 d5 5.exd5 cxd5 6.Bg2 Nf6 7.Nge2 Bg4 8.h3 Bxe2
9.Nxe2 O-O 10.O-O Nc6 11.c3 b5 12.Bg5 Ne4 13.Be3 e6 14.Bxe4 dxe4 15.Qc2 f5
16.Nf4 Qd7 17.Qb3 Nd8 18.Rfd1 g5 19.Nh5 Nf7 20.Nxg7 Kxg7 21.Qc2 h6 22.Qe2 Qd5
23.Qd2 Nd6 24.b3 Kh7 25.Kh2 Rf7 26.Bxg5 hxg5 27.Qxg5 Rg7 28.Qf4 Rc8 29.Rdc1 Nf7
30.a4 Ng5 31.axb5 Qxb3 32.Rab1 Qd5 33.b6 axb6 34.Rxb6 e3 35.Rd6 Nf3+ 36.Kh1 Qe4
37.Qxe4 fxe4 38.Rxe6 e2 39.Rxe4 e1=Q+ 40.Rcxe1 Nxe1 41.Rxe1 Rxc3 42.Kg2 Rd3
43.Re4 Rd7 44.Rh4+ Kg6 45.Rg4+ Kf6 46.Rf4+ Ke6 47.Re4+ Kd5 48.Re2 Rxd4 49.g4 Rd3
50.f3 Rf7 51.Rf2 Kd4 52.Kg3 Ke3 53.h4 Rd1 54.Kg2 Kf4 55.Re2 Rd4 56.h5 Rc7
57.Kf2 Rc3  0-1

[Event "TCh-BUL w"]
[Site "Pamporovo BUL"]
[Date "2001.10.08"]
[Round "7"]
[White "Andreeva,M"]
[Black "Gocheva,R"]
[Result "0-1"]
[WhiteElo "2026"]
[BlackElo "2218"]

1.e4 g6 2.d4 Bg7 3.Nc3 c6 4.g3 d5 5.exd5 cxd5 6.Bg2 Nf6 7.Bf4 Nc6 8.Nf3 Bg4
9.h3 Bxf3 10.Bxf3 a6 11.O-O O-O 12.g4 e6 13.Ne2 Ne4 14.c3 Qh4 15.Bg2 Bh6
16.Qd3 Bxf4 17.Nxf4 h5 18.Qe2 Kg7 19.Bxe4 dxe4 20.Kh2 hxg4 21.Qxg4 Rh8 22.Qg3 e5
23.Ne2 exd4 24.Nxd4 Nxd4 25.cxd4 Qf6 26.Qe3 Rh4 27.Kg2 Rah8 28.Rh1 R8h5 29.Rag1 Qe6
30.a3 Rf5 31.Qg3 Rhf4 32.Rf1 Rf3 33.Qg4 Qf6 34.h4 Qxd4  0-1

[Event "ULIM Cup"]
[Site "Kishnev MDA"]
[Date "2001.10.09"]
[Round "3"]
[White "Khruschiov,A"]
[Black "Romcovici,V"]
[Result "1-0"]
[WhiteElo "2402"]
[BlackElo "2341"]

1.e4 g6 2.d4 Bg7 3.Nc3 c6 4.f4 d5 5.e5 Nh6 6.Be2 f6 7.Be3 Qb6 8.Na4 Qa5+
9.c3 Qc7 10.Nf3 Ng4 11.Bd2 b6 12.b3 Ba6 13.c4 dxc4 14.bxc4 c5 15.Nc3 cxd4
16.Nd5 Qd7 17.Nxd4 Nh6 18.e6 Qc8 19.Qa4+ Kf8 20.Bb4 Ng8 21.Qa3 Bh6 22.Bxe7+ Kg7
23.Bxf6+ Nxf6 24.Qe7+ Kg8 25.Qf7+  1-0

[Event "TCh-BEL 2001-2"]
[Site "Belgium BEL"]
[Date "2001.10.18"]
[Round "2"]
[White "Nieuwelink,K"]
[Black "De Bruycker,B"]
[Result "0-1"]
[WhiteElo "2205"]
[BlackElo "2224"]

1.e4 g6 2.d4 Bg7 3.Nc3 c6 4.Be3 d5 5.f3 Nf6 6.e5 Nfd7 7.Bd3 Nxe5 8.dxe5 d4
9.Bd2 dxc3 10.Bxc3 Nd7 11.Qe2 Nc5 12.O-O-O Nxd3+ 13.Rxd3 Qc7 14.e6 Bh6+ 15.Kb1 O-O
16.exf7+ Rxf7 17.h4 Bf5 18.Rd1 Rd8 19.Re1 Qg3 20.Nh3 Qxh4 21.Nf2 Qg5 22.g4 Bc8
23.Rxh6 Qxh6 24.Qe5 Qg7 25.Qc7 Qf8 26.Qe5 Rxf3 27.Qh8+ Kf7 28.Qxh7+ Ke8 29.Ne4 Rf1
30.Qxg6+ Qf7 31.Qxf7+ Rxf7 32.g5 Bf5 33.Nd2 Bg6 34.Nc4 Rf5 35.b3 Rxg5 36.Bf6 Rg2
37.Rxe7+ Kf8 38.Ne3 Rg1+ 39.Kb2 Rd6  0-1

[Event "Fall Futurity"]
[Site "New York USA"]
[Date "2001.10.20"]
[Round "2"]
[White "Crossen,S"]
[Black "Feldman,Y"]
[Result "1/2-1/2"]
[WhiteElo "2143"]
[BlackElo "2260"]

1.e4 g6 2.d4 Bg7 3.Nc3 c6 4.Nf3 d5 5.h3 Nf6 6.exd5 cxd5 7.Bd3 Nc6 8.a3 O-O
9.O-O b6 10.Re1 Bb7 11.Bg5 Rc8 12.Qe2 e6 13.Rad1 Qc7 14.Qe3 a6 15.Bf4 Qd8
16.Bh6 b5 17.Bxg7 Kxg7 18.a4 bxa4 19.Nxa4 Nd7 20.c3 Re8 21.Qf4 Qc7 22.Qxc7 Rxc7
23.Nd2 Na5 24.b4 Nc4 25.Nxc4 dxc4 26.Be4 Bxe4 27.Rxe4 Nf6 28.Re5 Nd5 29.Rde1 Rd8
30.Ra1 a5 31.b5 Re7 32.Rae1 Kf8 33.g3 Rb8  1/2-1/2

[Event "Fall Futurity"]
[Site "New York USA"]
[Date "2001.10.21"]
[Round "5"]
[White "Fernandez,Joh"]
[Black "Feldman,Y"]
[Result "1-0"]
[WhiteElo "2043"]
[BlackElo "2260"]

1.e4 g6 2.d4 Bg7 3.Nc3 c6 4.Bc4 d6 5.Qf3 e6 6.Nge2 d5 7.exd5 cxd5 8.Bb3 Nc6
9.Bf4 a6 10.Rd1 Nf6 11.O-O O-O 12.a3 h6 13.h4 b5 14.Be3 Bb7 15.g4 Na5 16.g5 Nh5
17.gxh6 Bf6 18.Ng3 Bxh4 19.Nxh5 gxh5 20.h7+ Kh8 21.Qxh5 Bf6 22.Bh6 Nc4 23.Rd3 Nd6
24.Rg3 Nf5 25.Bxf8 Nxg3 26.fxg3 Bxd4+ 27.Kh2 Qxf8 28.Rxf7 Qe8 29.Ne2 e5 30.Qg6 Qc6
31.Qg7+  1-0

[Event "Open"]
[Site "Le Touquet FRA"]
[Date "2001.10.27"]
[Round "?"]
[White "Aleksieva,S"]
[Black "Pietrasanta,J"]
[Result "1-0"]
[WhiteElo "2366"]
[BlackElo "2100"]

1.e4 g6 2.d4 Bg7 3.Nc3 c6 4.f4 d5 5.e5 h5 6.Nf3 Bg4 7.Be3 Nh6 8.Bd3 Nf5 9.Bf2 e6
10.h3 Bxf3 11.Qxf3 Qb6 12.O-O-O h4 13.Bxf5 gxf5 14.Nb1 Nd7 15.Qe3 Nf8 16.g3 hxg3
17.Bxg3 O-O-O 18.Nd2 Ng6 19.Nf3 Rh5 20.Rd3 Rdh8 21.Ng5 Qc7 22.Qe2 Bf8 23.Kb1 Kd8
24.Rc1 Ke8 25.c4 Be7 26.cxd5 exd5 27.Rf3 Bxg5 28.fxg5 Rxg5 29.Be1 Qd7 30.Qc2 Nf8
31.Qc5 a6 32.Qa7 f6 33.exf6 Rh7 34.Bd2 Rg2 35.Re1+ Kd8 36.Qb8+  1-0

[Event "IM"]
[Site "Le Touquet FRA"]
[Date "2001.10.27"]
[Round "1"]
[White "Bouhallel,R"]
[Black "Gervasio,R"]
[Result "1-0"]
[WhiteElo "2363"]
[BlackElo "2321"]

1.e4 g6 2.d4 Bg7 3.Nc3 c6 4.Nf3 d5 5.h3 Nh6 6.Be2 dxe4 7.Nxe4 Nf5 8.c3 Nd7
9.Bf4 Nb6 10.O-O Nd5 11.Bh2 O-O 12.Re1 Bh6 13.Bf1 Nd6 14.Nc5 a5 15.Ne5 a4
16.Nxa4 f6 17.Nf3 Rf7 18.c4 Qa5 19.cxd5 Qxa4 20.Qxa4 Rxa4 21.dxc6 bxc6 22.b3 Ra7
23.Bd3 Kf8 24.Re2 Nb5 25.Rc2 Bd7 26.Re1 Nc7 27.Bxc7 Rxc7 28.Bc4 Rg7 29.Be6 Be8
30.d5 Bf4 31.Rc4 g5 32.g3 cxd5 33.Bxd5 Rxc4 34.Bxc4 Bd6 35.Nd4 Bd7 36.Be6 Be5
37.Bxd7 Bxd4 38.Be6 h5 39.Rc1 Rh7 40.Rc8+ Kg7 41.Rg8+  1-0

[Event "WYB12"]
[Site "Oropesa del Mar ESP"]
[Date "2001.11.02"]
[Round "11"]
[White "Khairullin,I"]
[Black "Zhumabaev,R"]
[Result "1/2-1/2"]
[WhiteElo "2244"]
[BlackElo "2252"]

1.e4 g6 2.d4 Bg7 3.Nc3 c6 4.Bc4 d6 5.Nf3 Nf6 6.Bb3 O-O 7.O-O Qc7 8.h3 Nbd7
9.Re1 e5 10.Be3 b5 11.Qd3 exd4 12.Bxd4 Nc5 13.Qe3 Nxb3 14.axb3 b4 15.Ne2 Re8
16.Nd2 c5 17.Bxf6 Bxf6 18.Rab1 Bb7 19.Qd3 Be5 20.f3 Rad8 21.c4 Bc8 22.Nf1 f5
23.Ne3 fxe4 24.fxe4 Qg7 25.Qd2 Rf8 26.Rf1 Be6 27.Rxf8+ Rxf8 28.Rf1 Rd8 29.Nf4 Bf7
30.Nfd5 Bd4 31.Kh1 Re8 32.Ng4 Bxd5 33.exd5 Rf8 34.Rxf8+ Qxf8 35.Qe2 Kg7 36.Nh2 Qf6
37.Ng4 Qf7 38.Nh2 Kf8 39.Nf3 Bf6 40.Qd2 Qe7 41.Kh2 Kg7 42.Qf2 h6 43.Qd2 Kh7
44.Qf2 a6 45.Qd2 Qe4 46.Qc1 Kg7 47.Qa1 Qe7 48.Qxa6 Bxb2 49.Qc8 Kh7 50.Qc6 Bg7
51.Qb6 Qf6 52.Qc7 Qf4+ 53.Kh1 Qc1+ 54.Kh2  1/2-1/2

[Event "10th Open"]
[Site "King's Island USA"]
[Date "2001.11.09"]
[Round "1"]
[White "Karklins,A"]
[Black "Hanken,J"]
[Result "1-0"]
[WhiteElo "2384"]
[BlackElo "2126"]

1.e4 g6 2.d4 Bg7 3.Nc3 c6 4.Nf3 b5 5.e5 d6 6.exd6 Qxd6 7.h3 Nf6 8.Be2 O-O
9.O-O Nbd7 10.Re1 a6 11.Bf1 c5 12.dxc5 Qxc5 13.Be3 Qc7 14.Bd4 e6 15.a4 b4
16.Na2 a5 17.c3 Bb7 18.cxb4 Rad8 19.Qc1 Qb8 20.Ne5 Rc8 21.Qg5 axb4 22.Nxd7 Nxd7
23.Bxg7 Kxg7 24.Nxb4 Rc5 25.Qe3 Rfc8 26.Rac1 Rxc1 27.Rxc1 Rxc1 28.Qxc1 Nf6
29.Qc3 e5 30.Nd3 e4 31.Nc5 Bc6 32.b4 Qd6 33.b5 Bd5 34.Qd4 Kg8 35.Bc4 e3 36.fxe3 Qe7
37.Bxd5 Nxd5 38.Ne4 Nc7 39.Nf6+ Kf8 40.Nxh7+ Ke8 41.Nf6+ Kf8  1-0

[Event "VII Sreiber Mem"]
[Site "Subotica YUG"]
[Date "2001.11.09"]
[Round "5"]
[White "Buljovcic,I"]
[Black "Popchev,M"]
[Result "1/2-1/2"]
[WhiteElo "2374"]
[BlackElo "2452"]

1.e4 g6 2.d4 Bg7 3.Nc3 c6 4.h3 b5 5.a3 d6 6.g3 a6 7.Bg2 Nd7 8.Nge2 e5 9.O-O Ngf6
10.Be3 O-O 11.f4 Bb7 12.g4 Re8 13.g5 Nh5 14.dxe5 dxe5 15.f5 Bf8 16.h4 Bc5
17.Bxc5 Nxc5 18.Qxd8 Raxd8 19.Rad1 Bc8 20.Bh3 a5 21.b4 axb4 22.axb4 Na6 23.Na2 Kf8
24.Bg4 Rxd1 25.Rxd1 Nf4 26.Nxf4 exf4 27.Kf2 c5 28.Kf3 Bb7 29.Re1 cxb4 30.Re2 b3
31.cxb3 Nc5 32.Kxf4 Nxb3 33.fxg6 hxg6 34.Bd7 Re7 35.Bg4 Nc5 36.Bf3 Nd3+ 37.Ke3 Ne5
38.Kf4 Kg7 39.Nb4 f6 40.gxf6+ Kxf6 41.Bg2 Rh7 42.Kg3 Rd7  1/2-1/2

[Event "2nd It"]
[Site "Odivelas POR"]
[Date "2001.11.12"]
[Round "7"]
[White "Fernando,D"]
[Black "Dias,P"]
[Result "0-1"]
[WhiteElo "2367"]
[BlackElo "2285"]

1.e4 g6 2.d4 Bg7 3.Nc3 c6 4.f4 d5 5.e5 h5 6.Nf3 Nh6 7.Be3 Na6 8.Qd2 Nc7 9.O-O-O a5
10.Be2 a4 11.a3 Bg4 12.g3 b5 13.Na2 Na6 14.h3 Bf5 15.Bf2 Qd7 16.Ng5 f6 17.exf6 exf6
18.g4 hxg4 19.hxg4 Nxg4 20.Rxh8+ Bxh8 21.Rh1 Bg7 22.Bxg4 Bxg4 23.Re1+ Kf8
24.Nh7+ Kg8 25.Rh1 Bh5 26.Qd3 Qg4 27.f5 Qf3  0-1

[Event "VII Sreiber Mem"]
[Site "Subotica YUG"]
[Date "2001.11.14"]
[Round "9"]
[White "Popovic,Du"]
[Black "Sanduleac,V"]
[Result "1/2-1/2"]
[WhiteElo "2372"]
[BlackElo "2461"]

1.e4 g6 2.d4 Bg7 3.Nc3 c6 4.Nf3 d5 5.h3 dxe4 6.Nxe4 Bf5 7.Ng3 Be6 8.c3 Nf6
9.Bd3 Bd5 10.O-O Nbd7 11.Re1 O-O 12.Nh2 Nb6 13.b3 Qc7 14.Bb2 Rad8 15.c4 Be6
16.Qe2 Rfe8 17.Nf3 Bc8 18.Rad1 Nbd7 19.Ne5 Nf8 20.Bb1 Ne6 21.Qe3 Nf8  1/2-1/2

[Event "TCh-BEL 2001-2"]
[Site "Belgium BEL"]
[Date "2001.11.25"]
[Round "3"]
[White "Marechal,A"]
[Black "De Bruycker,B"]
[Result "1/2-1/2"]
[WhiteElo "2311"]
[BlackElo "2224"]

1.e4 g6 2.d4 Bg7 3.Nc3 c6 4.h3 d5 5.Nf3 Nf6 6.e5 Ne4 7.Nxe4 dxe4 8.Ng5 f6
9.exf6 Bxf6 10.c3 Qd5 11.Qb3 Bxg5 12.Qxd5 cxd5 13.Bxg5 Nc6 14.Be2 Rf8 15.O-O Be6
16.f3 Rf5 17.Be3 exf3 18.Bxf3 h5 19.Be2 Rxf1+ 20.Rxf1 Kd7 21.Bd3 Rg8 22.h4 a6
23.Kh2 Nd8 24.Kg3 Nf7 25.Bg5 Nxg5 26.hxg5 Kd6 27.Rf4 Kd7 28.Kf2 Kd6 29.Ke3 Kd7
30.b3 b5 31.Rf1 Kd6 32.Kd2 Bd7 33.Kc2 Bf5 34.Bxf5 gxf5 35.Rxf5 e6 36.Re5 Rf8
37.Re2 Rf5  1/2-1/2

[Event "Open"]
[Site "Rijeka CRO"]
[Date "2001.12.05"]
[Round "5"]
[White "Doric,N"]
[Black "Kecic,S"]
[Result "1-0"]
[WhiteElo "2372"]
[BlackElo "2241"]

1.d4 g6 2.e4 Bg7 3.Nc3 c6 4.g3 d5 5.exd5 cxd5 6.Bg2 Nf6 7.Bg5 Be6 8.Nge2 Nbd7
9.h3 Qb6 10.Qd2 h6 11.Be3 Rc8 12.O-O Qxb2 13.Rab1 Qa3 14.Rb3 Qa6 15.Nf4 Qc6
16.Re1 g5 17.Nxe6 fxe6 18.Bf1 Kf7 19.Bb5 Qc7 20.Qe2 a6 21.Bf4 gxf4 22.Qxe6+ Kf8
23.Qxe7+ Kg8 24.Qe6+ Kf8 25.Nxd5 Nxd5 26.Bxd7 Rd8 27.Rxb7 Qxb7 28.Qd6+ Kf7
29.Be6+ Kg6 30.Bf5+ Kxf5 31.Qe6+  1-0

[Event "ch-ROM w"]
[Site "Targoviste ROM"]
[Date "2001.12.05"]
[Round "11"]
[White "Kovacs,O"]
[Black "Bogza,O"]
[Result "1/2-1/2"]
[WhiteElo "2116"]
[BlackElo "2143"]

1.e4 g6 2.d4 Bg7 3.Nc3 c6 4.Be2 d5 5.e5 h5 6.Be3 Nh6 7.f3 Qb6 8.Na4 Qa5+
9.c3 Nd7 10.Bd2 b5 11.Nc5 Nxc5 12.b4 Qc7 13.bxc5 Bf5 14.Bc1 O-O 15.Bd3 Qd7
16.Ne2 a5 17.O-O Rfb8 18.Ng3 Bxd3 19.Qxd3 b4 20.Re1 h4 21.e6 Qe8 22.Bxh6 Bxh6
23.exf7+ Qxf7 24.Nf1 Rf8 25.Ne3 bxc3 26.Qxc3 h3 27.Ng4  1/2-1/2

[Event "TCh-BEL 2001-2"]
[Site "Belgium BEL"]
[Date "2001.12.09"]
[Round "4"]
[White "Piacentini,C"]
[Black "De Bruycker,B"]
[Result "0-1"]
[WhiteElo "2123"]
[BlackElo "2224"]

1.e4 g6 2.d4 Bg7 3.Nc3 c6 4.Nf3 d5 5.e5 Bg4 6.Be2 h5 7.O-O Nh6 8.h3 Bxf3
9.Bxf3 Nd7 10.Qd3 Nf8 11.Ne2 Nf5 12.Ng3 Nxg3 13.fxg3 Qb6 14.Kh1 Ne6 15.c3 Rd8
16.b4 O-O 17.g4 hxg4 18.Bxg4 Qa6 19.Qxa6 bxa6 20.Bxe6 fxe6 21.Bg5 Rxf1+ 22.Rxf1 Bf8
23.Rf3 a5 24.Kg1 Rb8 25.a3 Rb6 26.Kf1 a4 27.Ke2 Rb7 28.Kd3 a6 29.g4 Rb8 30.Rf2 Ra8
31.Rc2 Kf7 32.c4 Rc8 33.cxd5 exd5 34.Rc5 e6 35.Ra5 Ra8 36.Rxa4 Be7 37.h4 Bxg5
38.hxg5 Ke7 39.Ke3 Kd7 40.Kf4 Kc7 41.Ra5 Kb6 42.Rc5 Rf8+ 43.Ke3 Rf1 44.Rc3 Re1+
45.Kf2 Re4 46.Rf3 Rxg4 47.Rf6 Rxg5 48.Rxe6 Rg4 49.Ke3 g5 50.Rg6 Rg3+ 51.Ke2 Kb5
52.a4+ Kc4 53.Kf2 Rg4 54.Rxc6+ Kxb4 55.Rxa6 Rxd4 56.Rg6 Kc5 57.a5 Ra4 58.a6 Kd4
59.e6 Rxa6 60.e7 Ra8 61.Rxg5 Re8 62.Rg7 Kc3 63.Ke2 d4 64.Rg3+ Kc2 65.Kf3 d3
66.Rg6 Rxe7 67.Rc6+ Kd1 68.Rd6 d2 69.Rd8 Ke1  0-1

[Event "Open"]
[Site "Trinec CZE"]
[Date "2001.12.27"]
[Round "1"]
[White "Krzesaj,R"]
[Black "Simacek,P"]
[Result "0-1"]
[WhiteElo "2119"]
[BlackElo "2402"]

1.e4 g6 2.d4 Bg7 3.Nc3 c6 4.f4 d5 5.e5 h5 6.Nf3 Nh6 7.Bd3 Bg4 8.h3 Bxf3 9.Qxf3 e6
10.Be3 h4 11.Ne2 Bf8 12.O-O Nf5 13.Bf2 Nd7 14.b3 Be7 15.Rfd1 Qa5 16.a4 O-O-O
17.Kh2 Kb8 18.Be1 Bb4 19.c3 Be7 20.b4 Qc7 21.Rdb1 Nb6 22.a5 Nc4 23.Bxc4 dxc4
24.b5 cxb5 25.Rxb5 a6 26.Rb6 Rd5 27.Rab1 Ka8 28.Rxb7 Qxb7 29.Rxb7 Kxb7 30.Qe4 Rc8
31.Bf2 Bd8 32.Qb1+ Rb5 33.Qe4+ Kb8 34.Ng1 Bxa5 35.Qe1 Rb3 36.Ne2 Bd8 37.Qd1 Rb5
38.Qa4 Kb7 39.Qa3 Be7 40.Qa2 Rc6 41.Ng1 Rb3 42.Qa1 Ba3 43.Qe1 Bb2 44.Ne2 a5
45.Qd1 Rb5 46.Qa4 Ka6 47.Kg1 Rc8 48.Be1 Ne3 49.Bxh4 Nd5 50.Be1 Nb6 51.Qa2 Rb3
52.g4 a4 53.d5 exd5 54.Nd4 Bxc3 55.Nxb3 cxb3 56.Qe2+ Ka5 57.e6 fxe6 58.Bf2 d4
59.Qe5+ Ka6 60.Qe2+ Rc4 61.Qxe6 b2 62.Qxg6 Rb4 63.Qd3+ Nc4 64.Qg6+ Rb6 65.Qb1 Nd2
66.Qd3+ Ka5 67.Qf5+ Rb5  0-1

[Event "8th Open"]
[Site "Bosnjaci CRO"]
[Date "2002.01.04"]
[Round "3"]
[White "Malada,V"]
[Black "Nurkic,S"]
[Result "1-0"]
[WhiteElo "2246"]
[BlackElo "2413"]

1.e4 g6 2.d4 Bg7 3.Nc3 c6 4.Nf3 Nf6 5.e5 Nd5 6.Nxd5 cxd5 7.h3 Nc6 8.Bd3 d6
9.O-O dxe5 10.dxe5 Bxe5 11.Nxe5 Nxe5 12.Bb5+ Nc6 13.Bh6 Qd6 14.Qd4 f6 15.Rad1 a6
16.Bxc6+ bxc6 17.c4 Kf7 18.cxd5 cxd5 19.Qxd5+ Qxd5 20.Rxd5 Be6 21.Ra5 Rhc8
22.Bd2 Rc2 23.Bc3 Rd8 24.Re1 Bc4 25.a3 Rd5 26.Ra4 Bb5 27.Rae4 Rd7 28.a4 Bc6
29.Re6 Bxa4 30.Rxa6 Bb5 31.Rb6 Be2 32.Rb4 h5 33.Re4 Bb5 34.Bb4 e5 35.Bc3 g5
36.Rb4 Rd5 37.h4 g4 38.Ra1 Kg6  1-0

[Event "8th Open"]
[Site "Bosnjaci CRO"]
[Date "2002.01.05"]
[Round "5"]
[White "Rosandic,D"]
[Black "Nurkic,S"]
[Result "0-1"]
[WhiteElo "2248"]
[BlackElo "2413"]

1.e4 g6 2.d4 Bg7 3.Nc3 c6 4.Bc4 d5 5.exd5 b5 6.Bb3 b4 7.Nce2 cxd5 8.a3 bxa3
9.Rxa3 Nf6 10.Nf3 O-O 11.O-O Nc6 12.Ne5 Bb7 13.Nf4 e6 14.Nxc6 Bxc6 15.c3 Ne4
16.Nd3 Bb5 17.Re1 Qb6 18.Qf3 Bxd3 19.Qxd3 Nd6 20.Bc2 Nc4 21.Ra2 a5 22.h4 Rfc8
23.h5 Ra7 24.Qg3 Rb7 25.hxg6 hxg6 26.b3 Nd6 27.Bxg6 fxg6 28.Rxe6 Qxb3 29.Rae2 Ne4
30.Qg4 Qd1+ 31.Kh2 Be5+  0-1